<?xml version="1.0" encoding="UTF-8"?>
<record
    xmlns:xsi="http://www.w3.org/2001/XMLSchema-instance"
    xsi:schemaLocation="http://www.loc.gov/MARC21/slim http://www.loc.gov/standards/marcxml/schema/MARC21slim.xsd"
    xmlns="http://www.loc.gov/MARC21/slim">

  <leader>00753nam a2200181   4500</leader>
  <controlfield tag="005">20170118111559.0</controlfield>
  <controlfield tag="008">170118b        mx ||||| |||| 00| 0 spa d</controlfield>
  <datafield tag="020" ind1=" " ind2=" ">
    <subfield code="a">9789685891066</subfield>
  </datafield>
  <datafield tag="050" ind1="0" ind2="4">
    <subfield code="a">F1346 .M39</subfield>
    <subfield code="b">A53  2008</subfield>
  </datafield>
  <datafield tag="100" ind1="1" ind2=" ">
    <subfield code="a">Alarc&#xF3;n Menchaca, Laura. </subfield>
  </datafield>
  <datafield tag="245" ind1="1" ind2="0">
    <subfield code="a">Jos&#xE9; Mar&#xED;a Maytorena :</subfield>
    <subfield code="b">una biograf&#xED;a pol&#xED;tica </subfield>
    <subfield code="c">/ Laura Alarc&#xF3;n Menchaca</subfield>
  </datafield>
  <datafield tag="250" ind1=" " ind2=" ">
    <subfield code="a">1a ed. </subfield>
  </datafield>
  <datafield tag="260" ind1=" " ind2=" ">
    <subfield code="a">Zapopa, Jalisco, M&#xE9;xico : </subfield>
    <subfield code="a">Hermosillo, Sonora, M&#xE9;xico : </subfield>
    <subfield code="a">M&#xE9;xico, D.F.  : </subfield>
    <subfield code="b">El Colegio de Jalisco : </subfield>
    <subfield code="b">El Colegio de Sonora : </subfield>
    <subfield code="b">Universidad Iberoamericana :</subfield>
    <subfield code="c">2008. </subfield>
  </datafield>
  <datafield tag="300" ind1=" " ind2=" ">
    <subfield code="a">477 p. ; </subfield>
    <subfield code="c">21 cm. </subfield>
  </datafield>
  <datafield tag="600" ind1="1" ind2=" ">
    <subfield code="a">Maytorena, Jos&#xE9; Mar&#xED;a,</subfield>
    <subfield code="d">[1867-1948]</subfield>
    <subfield code="q">[Gobernador]</subfield>
    <subfield code="v">Biograf&#xED;a</subfield>
  </datafield>
  <datafield tag="651" ind1=" " ind2=" ">
    <subfield code="2">LEMB</subfield>
    <subfield code="a">Sonora</subfield>
    <subfield code="x">Politica y gobierno</subfield>
    <subfield code="y">Siglo XX</subfield>
  </datafield>
  <datafield tag="942" ind1=" " ind2=" ">
    <subfield code="2">lcc</subfield>
    <subfield code="c">LIB</subfield>
  </datafield>
  <datafield tag="999" ind1=" " ind2=" ">
    <subfield code="c">124081</subfield>
    <subfield code="d">124081</subfield>
  </datafield>
  <datafield tag="952" ind1=" " ind2=" ">
    <subfield code="1">0</subfield>
    <subfield code="2">lcc</subfield>
    <subfield code="4">0</subfield>
    <subfield code="7">0</subfield>
    <subfield code="a">INV-033</subfield>
    <subfield code="b">INV-033</subfield>
    <subfield code="c">GENERAL</subfield>
    <subfield code="d">2017-01-18</subfield>
    <subfield code="f">1a ed.</subfield>
    <subfield code="i">H</subfield>
    <subfield code="k">EH</subfield>
    <subfield code="o">F1346 .M39 A53 2008</subfield>
    <subfield code="p">IIH000014871</subfield>
    <subfield code="r">2017-01-18 00:00:00</subfield>
    <subfield code="t">C:1</subfield>
    <subfield code="y">LIB</subfield>
    <subfield code="z">GENERAL</subfield>
  </datafield>
</record>
